000 01443nam a2200373 i 4500
003 DO-SdBNP
005 20250630132736.0
007 ta
008 110117s1999 dr a b 000 j spa d
020 _a9592092486
040 _aDO-SdBNP
_bspa
_cBNPHU
_erda
041 _aspa
082 4 _aRD863.44
_bG861m
_222
100 1 _aGrimaldi Silié, Eleanor,
_d1948-
_eautor
_4aut.
_985713
245 1 0 _aMonstruosi ; El sueño de Penélope /
_cEleanor Grimaldi Silié, Enrique Pérez Díaz ; ilustraciones, Alexis Lago
264 1 _aSanto Domingo :
_bEdiciones Ferilibro,
_bEdiciones Unión,
_c1999.
300 _a33,16 páginas :
_bilustraciones ;
_c15 cm.
336 _atexto
_btxt
_2rdacontent
337 _asin mediación
_bn
_2rdamedia
338 _avolumen
_bnc
_2rdacarrier
490 0 _aColección Dienteleche
500 _aIncluye datos biográficos de los autores e ilustrador en las solapas.
500 _aDos obras publicadas juntas con paginación invertida
501 _aPublicado con : El sueño de Penélope
590 _aInventariado, 2023/ YL
650 4 _aCuentos infantiles dominicanos
_9176
650 4 _aPoesía infantil dominicana
_966
650 4 _aLiteratura infantil dominicana.
_967
700 1 _aPérez Díaz, Enrique,
_eautor.
_4aut.
_949236
700 1 _aLago, Alexis,
_eilustrador
_4il.
_949237
700 1 _aGrimaldi Silié, Eleanor.
_tEl sueño de Penélope
_988189
910 _aYLockward
942 _2ddc
_cLF2
999 _c55527
_d55527